000 01813cam a22004814i 4500
003 PE-LiUPU
005 20250731173421.0
008 150706s2008 flu rb 000 0 spa d
020 _a9781599791463
035 _a(Sirsi) i9781599791463
040 _aPE-LiUPU
_bspa
_cPE-LiUPU
_erda
049 _aPRUA
082 0 4 _a269
_bJ13
_221
100 1 _aJacobs, Cindy,
_d1951-,
_eautor.
245 1 3 _aEl manifiesto de la reforma /
_cCindy Jacobs.
264 1 _aFlorida :
_bCasa Creación,
_c2008.
300 _a237 páginas ;
_c22 centímetros
336 _atext
_2rdacontent
337 _aunmediated
_2rdamedia
338 _avolume
_2rdacarrier
504 _aIncluye bibliografía.
505 0 _aUn reforma personal -- Conectar a las generaciones -- Discipular a las naciones -- ¿Quién es el juez? -- Poner el gobierno sobre su hombro -- Revertir la maldición de Génesis: Economía bíblica -- Legislar en los cielos: intercesión de la reforma -- Costosa gracia.
526 _aSEG42
526 _aSEG41
526 _aSEG40
526 _aSEG39
526 _aP94
526 _aP87
526 _aP86
526 _aP85
526 _aP77
526 _aP76
526 _aP35
541 _g001-0000588;
650 0 4 _aAvivamiento (Religión).
700 1 _aBelmonte,
_etraductor.
910 _agl
_bjv
_clch
_d20120622
942 _2ddc
_cBOOK
949 _a269 J13
_wDEWEY
_c1
_i64933
_lCCODEBUL1
_mBUL
_p11.00
_r0
_sY
_tBOOK
_u2015-7-6
_xTEOLOGIA
_PP35
_o.STAFF. Colección General
994 _aC0
_bPEPRU
596 _a1
999 _a269 J13
_wDEWEY
_c53641
_i64933
_d53641
_e2016-9-9
_f2021-11-10
_g5
_lCCODEBUL1
_mBUL
_n1
_p11.00
_r0
_sY
_tBOOK
_u2015-7-6
_xTEOLOGIA
_PP35
_0COMPRA
_o.STAFF. Colección Teología
980 _81
_gALBERTO SANCHEZ Responsable de Automatización